• 首页
  • 本馆介绍
  • 公告通知
  • 最新文献
  • 馆藏检索
  • 电子资源
  • 读者导购
  • 参考咨询
  • 我的图书馆
  • 登录
  • 详细信息显示
  • 放入我的书架
  • 预约/预借图书
  • 作者相关作品
  • 分类相关作品
  • 丛书相关作品
  • 出版社相关作品

书目信息

  • 表格格式
  • 工作单格式
  • 卡片格式
题名:
中外彩色电视机维修333例
    
 
作者: 赵卫滨 编著
分册:  
出版信息: 北京   人民邮电出版社  1989.01
页数: 101页
开本: 20cm
丛书名:
单 册:
中图分类: TN949.12
科图分类:
主题词: 电视--各种体制
电子资源:
ISBN: 7-115-03938-0
000 00616nam0 2200193 450
001 0834847792
005 20081105094445.85
010    @a7-115-03938-0@dCNY3.50
100    @a20081105d1989 km y0chiy0120 ea
101 0  @achi
102    @aCN@b110000
200 1  @a中外彩色电视机维修333例@Azhong wai cai se dian shi ji wei xiu 333 li@f赵卫滨等编著@Fzhao wei bin deng bian zhu
210    @a北京@c人民邮电出版社@d1989.01
215    @a101页@d20cm
606 0  @a电视@x各种体制
690    @aTN949.12@v4
701  0 @a赵卫滨@Azhao wei bin@4编著
801  0 @aCN@b大连网信软件有限公司图书馆·11@c20081105
905    @aBZT@dTN949.12@e19
    
    中外彩色电视机维修333例/赵卫滨等编著.-北京:人民邮电出版社,1989.01
    101页;20cm
    
    
    ISBN 7-115-03938-0:CNY3.50
    
●
相关链接 在五车中查询图书 在当当中查询图书 在豆瓣中查询图书


正题名:中外彩色电视机维修333例     索取号:TN949.12/19         预约/预借

序号 登录号 条形码 馆藏地/架位号 状态 备注
1 006681   201209931   中心书库中库/ 中库028架B面3列2层28/ [索取号:TN949.12/19] 在馆    
2 006683   201209913   中心书库中库/ 中库028架B面3列2层29/ [索取号:TN949.12/19] 在馆    
3 006684   201209904   中心书库中库/ 中库028架B面3列2层27/ [索取号:TN949.12/19] 在馆    
山东省滨州职业学院图书馆 欢迎您!
大连网信软件有限公司© 版权所有